000 00409 a2200169 4500
001 70867
020 _a853223285X
040 _cAnchieta - Itaigara
100 _aTexeira,Martins Rodrigues
240 1 0 _aMatemática em mil e uma histórias
_lpor
245 1 0 _aMatemática em mil e uma histórias
300 _a24
362 0 _a1999
440 1 _aFTD
650 4 _aLiteratura infanto-juvenil
942 _cBK
999 _c70867
_d70867